000 00713nam a2200181Ia 4500
008 100920s9999 xx 000 0 und d
082 _b69133
_a891.461 थ 93
100 _aसावंत वसंत.
245 _aमाझ्या दारातले सोनसाफ्याचे झाड.
260 _bपॉप्युलर प्रकाशन,मुंबई.
_c1993
300 _a76
_bसाधी
365 _b60
520 _aपदय.
630 _aमाझ्या दारातले सोनसाफ्याचे झाड.
650 _aपदय.
730 _aमाझ्या दारातले सोनसाफ्याचे झाड.
942 _cBOOK
999 _c711354
_d711351